Ukamau y Ké = (Así es y ké) /

Abraham Bojórquez (Ukamau y Ké) developed the so-called hip hop Aymara, with his social lyrics he shook the Latin American society in the early 21st century. He died violently at the peak of his musical career, the same day he finished recording his second album. Years later, his friend, Ecuadorian...

Full description

Bibliographic Details
Other Authors: Bolivar, Fabián (Producer), Coloma, Esteban (Producer), Ramírez, Andrés, 1972- (Director, Producer), Robalino, Amanda (Producer)
Format: Video
Language:Spanish
Aymara
Language Notes:In Spanish and Aymara, with English subtitles.
Published: Madrid, Spain : Quechua Films, 2017.
Subjects:
Online Access:Connect to this streaming video (Alexander Street Press)

MARC

Tag First Indicator Second Indicator Subfields
LEADER 00000cgm a2200000Mi 4500
001 in00005594591
006 m o c
007 cr |n||||||||a
007 vz |za|z|
008 190328s2017 sp 087 e o vlspa d
005 20241201233717.1
035 |a (OCoLC)on1096494718 
040 |a ALSTP  |b eng  |e rda  |e pn  |c ALSTP  |d OCLCO  |d STF  |d OCLCO  |d OCLCF  |d OCLCQ  |d OCLCO  |d OCL  |d OCLCO  |d OCLCA  |d OCLCL  |d OCLCQ 
035 |a (OCoLC)1096494718 
041 0 |a spa  |a aym  |j eng 
043 |a s-bo--- 
049 |a TXAM 
245 0 0 |a Ukamau y Ké =  |b (Así es y ké) /  |c un documental de Andrés Ramírez ; ProductOtra presenta ; en coproducción con Color FX ; dirección, Andrés Ramírez ; producción general, Andrés Ramírez, Esteban Coloma, Amanda Roablino, Fabián Bolívar. 
246 3 1 |a Así es y ké 
246 3 |a That's how it is and what! 
264 1 |a Madrid, Spain :  |b Quechua Films,  |c 2017. 
300 |a 1 online resource (87 min.) 
306 |a 012627 
336 |a two-dimensional moving image  |b tdi  |2 rdacontent 
337 |a computer  |b c  |2 rdamedia 
337 |a video  |b v  |2 rdamedia 
338 |a online resource  |b cr  |2 rdacarrier 
347 |a video file  |2 rda 
500 |a Title from resource description page (viewed March 28, 2019). 
520 |a Abraham Bojórquez (Ukamau y Ké) developed the so-called hip hop Aymara, with his social lyrics he shook the Latin American society in the early 21st century. He died violently at the peak of his musical career, the same day he finished recording his second album. Years later, his friend, Ecuadorian rapper and director Andrés Ramírez returns to Bolivia to uncover the reasons for his death and to find him in the Andean cyclical time. In this surreal journey Ukamau y Ké comes back to life through records, files and, dream visions. 
546 |a In Spanish and Aymara, with English subtitles. 
650 0 |a Rap musicians  |z Bolivia  |v Biography. 
650 0 |a Aymara Indians  |x Social conditions. 
650 0 |a Rap (Music)  |x Social aspects  |z Bolivia. 
651 0 |a Bolivia  |x Social conditions. 
650 6 |a Rappeurs  |z Bolivie  |v Biographies. 
650 6 |a Aymara  |x Conditions sociales. 
651 6 |a Bolivie  |x Conditions sociales. 
650 7 |a Aymara Indians  |x Social conditions.  |2 fast  |0 (OCoLC)fst00824555 
650 7 |a Rap (Music)  |x Social aspects.  |2 fast  |0 (OCoLC)fst01089957 
650 7 |a Rap musicians.  |2 fast  |0 (OCoLC)fst01089960 
650 7 |a Social conditions.  |2 fast  |0 (OCoLC)fst01919811 
651 7 |a Bolivia.  |2 fast  |0 (OCoLC)fst01205549  |1 https://id.oclc.org/worldcat/entity/E39PBJcGmxjC3YWfD9MqQ7hj4q 
655 7 |a Biographies.  |2 fast  |0 (OCoLC)fst01919896 
655 7 |a Documentary television programs.  |2 fast  |0 (OCoLC)fst01710387 
655 7 |a Documentary television programs.  |2 lcgft 
655 7 |a Documentaires télévisés.  |2 rvmgf 
700 1 |a Bolivar, Fabián,  |e producer. 
700 1 |a Coloma, Esteban,  |e producer. 
700 1 |a Ramírez, Andrés,  |d 1972-  |e director,  |e producer. 
700 1 |a Robalino, Amanda,  |e producer. 
710 2 |a ProductOtra (Firm),  |e production company. 
710 2 |a Color FX (Firm),  |e production company. 
758 |i has work:  |a Ukamau y Ké (MovingImage)  |1 https://id.oclc.org/worldcat/entity/E39PCFvPFpbkpHXY4RCHB7xHJC  |4 https://id.oclc.org/worldcat/ontology/hasWork 
856 4 0 |u http://proxy.library.tamu.edu/login?url=https://www.aspresolver.com/aspresolver.asp?MARC;4064679  |z Connect to this streaming video (Alexander Street Press)  |t 0 
955 |a Alexander Street Press subscription streaming video 
994 |a 92  |b TXA 
999 f f |s 47b8b49c-b899-4f22-b167-bd6ff980bf52  |i 4b104c74-b3d9-4075-b657-74f1034ff3ca  |t 0 
952 f f |a Texas A&M University  |b College Station  |c Electronic Resources  |d Available Online  |t 0  |h Library of Congress classification 
998 f f |t 0  |l Available Online